Stage Wins by Country in the Vuelta a España - Statistics

General Stats
  • This quiz has been taken 118 times
  • The average score is 28 of 33
Answer Stats
Number Country % Correct
546 Spain
100%
218 Belgium
99%
110 Netherlands
99%
29 United Kingdom
99%
120 France
98%
178 Italy
98%
16 United States
98%
11 Portugal
96%
71 Germany
94%
20 Russia
94%
2 Canada
93%
32 Switzerland
93%
22 Ireland
91%
5 Norway
91%
4 Poland
90%
2 Sweden
90%
32 Colombia
88%
15 Denmark
88%
10 Australia
86%
5 Luxembourg
86%
2 Slovenia
86%
2 Austria
85%
5 Slovakia
85%
6 Czech Republic
73%
2 Ukraine
71%
2 New Zealand
70%
11 Kazakhstan
66%
2 Estonia
64%
2 South Africa
61%
1 Argentina
60%
2 Belarus
53%
7 Uzbekistan
53%
1 Venezuela
53%
No matching quizzes found
Score Distribution
Percent of People with Each Score
Percentile by Number Answered
Your Score History
You have not taken this quiz